00479 2200181 4500001002100000005001500021035002000036007000300056008004100059020001500100082001200115084001800127100003900145245005400184260003300238856001700271990000900288INLIS00000000000121920221025104932 a0010-1022000170ta221025 g 0 ind  a9798087798 a621.042 a621.042 JAC m0 aJacqueline dinenMeta Chandra satia1 aMengenal ilmu energi :bminyak, gas dan batu bara aLondon :bWatts Books,c2007 aKoleksi Umum a2149